[Event "RUS-chT Premier 2021"]
[White "Demidov,Mikhail"]
[Black "Popov,Ivan"]
[WhiteTeam "Гоголевский, 14"]
[BlackTeam "Шахматная сборная Москвы"]
[Site "Sochi"]
[Round "4.18"]
[Annotator "RC"]
[Result "0-1"]
[Date "2021.05.04"]
[WhiteElo "2523"]
[BlackElo "2630"]
[PlyCount "80"]
[TimeControl "60"]

1. Nf3 {[%emt 0:0:0]} d5 {[%emt 0:0:0]} 2. e3 {[%emt 0:0:2]} c6 {[%emt 0:0:0]} 3. c4 {[%emt 0:0:16]} Bg4 {[%emt 0:0:30]} 4. cxd5 {[%emt 0:4:35]} Bxf3 {[%emt 0:0:16]} 5. Qxf3 {[%emt 0:0:46]} cxd5 {[%emt 0:0:13]} 6. Bb5+ {[%emt 0:3:13]
} Nc6 {[%emt 0:0:29]} 7. Bxc6+ {[%emt 0:0:5]} bxc6 {[%emt 0:0:0]} 8. b3 {[%emt 0:0:9]} e6 {[%emt 0:13:53]} 9. Bb2 {[%emt 0:2:53]} Nf6 {[%emt 0:0:11]} 10. 0-0 {[%emt 0:2:8]} Be7 {[%emt 0:1:20]} 11. Nc3 {[%emt 0:1:56]
} Qa5 {[%emt 0:5:8]} 12. Qe2 {[%emt 0:10:55]} 0-0 {[%emt 0:0:0]} 13. Na4 {[%emt 0:1:1]} Qb5 {[%emt 0:24:54]} 14. Rfe1 {[%emt 0:10:26]} Rfc8 {[%emt 0:9:7]} 15. Rac1 {[%emt 0:0:21]} Nd7 {[%emt 0:0:50]} 16. Qg4 {[%emt 0:2:33]
} Bf8 {[%emt 0:0:19]} 17. Rc2 {[%emt 0:2:14]} c5 {[%emt 0:0:0]} 18. Rec1 {[%emt 0:1:17]} Rc6 {[%emt 0:2:58]} 19. e4 {[%emt 0:6:11]} Qb4 {[%emt 0:0:35]} 20. d3 {[%emt 0:2:54]} d4 {[%emt 0:6:3]} 21. Qe2 {[%emt 0:0:0]} e5 {[%emt 0:2:12]} 22. f4 {[%emt 0:17:20]} exf4 {[%emt 0:2:10]} 23. Rc4 {[%emt 0:0:25]} Qb5 {[%emt 0:6:54]} 24. Bxd4 {[%emt 0:1:33]} Rg6 {[%emt 0:5:47]
} 25. Ba1 {[%emt 0:2:44]} Nb6 {[%emt 0:0:2]} 26. Nxb6 {[%emt 0:1:25]
} axb6 {[%emt 0:0:2]} 27. Rf1 {[%emt 0:0:13]} Qd7 {[%emt 0:0:0]} 28. e5 {[%emt 0:1:17]} Qd5 {[%emt 0:2:31]} 29. Rcxf4 {[%emt 0:0:59]} Ra7 {[%emt 0:0:1]} 30. d4 {[%emt 0:3:34]} b5 {[%emt 0:1:8]} 31. dxc5 {[%emt 0:0:48]
} Bxc5+ {[%emt 0:0:2]} 32. Kh1 {[%emt 0:0:10]} h6 {[%emt 0:0:0]} 33. h3 {[%emt 0:2:5]} Rga6 {[%emt 0:0:46]} 34. e6 {[%emt 0:5:23]} Rxe6 {[%emt 0:0:35]} 35. Qxb5 {[%emt 0:1:35]} Rxa2 {[%emt 0:0:45]} 36. Rg4 {[%emt 0:1:56]
} Rg6 {[%emt 0:0:2]} 37. Rxg6 {[%emt 0:0:43]} fxg6 {[%emt 0:0:0]} 38. Rg1 {[%emt 0:0:32]} Rd2 {[%emt 0:1:32]} 39. Bc3 {[%emt 0:0:34]} Rd3 {[%emt 0:0:18]} 40. Qe8+ {[%emt 0:0:0]} Kh7 {[%emt 0:0:0]} 0-1

[Event "RUS-chT Premier 2021"]
[White "Andreikin,Dmitry"]
[Black "Vitiugov,Nikita"]
[WhiteTeam "КПРФ"]
[BlackTeam "Медный всадник"]
[Site "Sochi"]
[Round "4.19"]
[Annotator "TA"]
[Result "1/2-1/2"]
[Date "2021.05.04"]
[WhiteElo "2725"]
[BlackElo "2715"]
[PlyCount "51"]

1. e4 {} e5 2. Nf3 Nc6 3. d4 exd4 4. Nxd4 Nf6 5. Nxc6 bxc6 6. e5 Qe7 7. Qe2 Nd5 8. c4 Ba6 9. b3 g6 {The position is equal.} 10. f4 {[#] C45: Scotch
Game.} d6 $1 11. Qf2 (11. Qd2 Nb6 )Nf6 12. Be2 dxe5 {Strongly
threatening ...Ne4.} 13. 0-0 {The main line 13.0-0 scores better than 13.Ba3.} Ne4 14. Qe1 Qc5+ 15. Kh1 Qd4 16. Bf3 Qxa1 17. Qxe4 Bb7 18. Qc2 $1 {[#] Black
must now prevent Rd1.} Bc5 $1 19. Bb2 Qxa2 {aiming for ...Bd4.} 20. Nc3 Qa5 {
Hoping for ...Bd4.} 21. Ra1 Qb6 22. Na4 $1 {} Qa5 {[#]} 23. Nc3 $5 $146 { An interesting novelty.} ({Predecessor:} 23. fxe5 0-0-0 24. e6 Rhe8 25. Bc3 Bb4 26. exf7 Rf8 27. Bf6 Rxf7 28. Bxd8 Qe5 {1/2-1/2 (28) Siefring,
C (2378)-Quattrocchi,G (2383) ICCF email 2010} )Qb6 24. Na4 $1 {} Qa5 25. Nc3 Qb6 26. Na4 $1 { A rather calm draw.  Weighted
Error Value: White=0.00/Black=0.01} 1/2-1/2

[Event "RUS-chT Premier 2021"]
[White "Matlakov,Maxim"]
[Black "Dreev,Aleksey"]
[WhiteTeam "Медный всадник"]
[BlackTeam "КПРФ"]
[Site "Sochi"]
[Round "4.20"]
[Annotator "TA"]
[Result "1/2-1/2"]
[Date "2021.05.04"]
[WhiteElo "2688"]
[BlackElo "2647"]
[PlyCount "59"]

1. e4 {} c5 2. Nf3 Nf6 3. e5 Nd5 4. Nc3 e6 5. Nxd5 exd5 6. d4 Nc6 7. dxc5 Bxc5 8. Qxd5 d6 $1 {
 is now more promising than 8...Qb6.} 9. exd6 Qb6 $1 10. Qe4+ {B29:
Sicilian: 2 Nf3 Nf6 (Nimzowitsch Variation).} ({Of course not} 10. d7+ Bxd7 11. Bd3 Bxf2+ 12. Kf1 0-0-0 $17 )Be6 $1 11. Bc4 Bxf2+ 12. Kd1 {White has an
edge.} 0-0-0 {[#] Threatens to win with ...Bxc4.} 13. Bxe6+ fxe6 14. c3 $1 Rxd6+ 15. Kc2 Qc5 16. Bf4 Qd5 {[#]} 17. Qxd5 $146 ({Predecessor:} 17. Ng5 e5 18. Qxd5 Rxd5 19. Bd2 Bb6 20. Rhf1 Rd7 21. Rf3 Rc7 22. Kd1 Rd7 23. Ne4 {
1/2-1/2 (42) Horvath,A (2493)-Nemeth,M (2486) Hungary 2019} )Rxd5 18. Rhf1 Rf8 19. Bd2 Bb6 20. Rae1 Rf6 21. Rh1 Bc7 22. Re2 h6 23. Rhe1 Kd7 24. Re4 Rg6 25. R1e2 b5 26. a4 a6 27. Nh4 Rf6 28. Nf3 Rg6 29. Nh4 Rf6 30. Nf3 {
Weighted Error Value: White=0.08/Black=0.04} 1/2-1/2

[Event "RUS-chT Premier 2021"]
[White "Alekseev,Evgeny"]
[Black "Alekseenko,Kirill"]
[WhiteTeam "КПРФ"]
[BlackTeam "Медный всадник"]
[Site "Sochi"]
[Round "4.21"]
[Annotator "TA"]
[Result "1/2-1/2"]
[Date "2021.05.04"]
[WhiteElo "2619"]
[BlackElo "2696"]
[PlyCount "31"]

1. e4 {} e5 2. Nf3 Nc6 3. Bc4 Bc5 4. c3 Nf6 5. d3 d6 6. 0-0 0-0 7. Bb3 Bb6 8. Nbd2 Ne7 9. Nc4 Ng6 10. h3 c6 11. Nxb6 axb6 {The position is equal.} 12. Re1 {C54: Giuoco Piano: 4 c3 Nf6, main lines
with 5 d4 and 5 d3.} Re8 13. Bc2 {[#]} Be6 $146 ({Predecessor:} 13... d5 14. Be3 h6 15. a4 c5 16. Qb1 Be6 17. b4 Qd6 18. bxc5 bxc5 19. Qb5 d4 20. cxd4 cxd4 21. Bd2 Rec8 {1/2-1/2 (54) Alekseenko,K (2582)-Alekseev,E (2636) St Petersburg
2016} )14. Ng5 Bc8 15. Nf3 Be6 16. Ng5 {An uneventful encounter.  Weighted
Error Value: White=0.05/Black=0.02} 1/2-1/2

[Event "RUS-chT Premier 2021"]
[White "Esipenko,Andrey"]
[Black "Zvjaginsev,Vadim"]
[WhiteTeam "Медный всадник"]
[BlackTeam "КПРФ"]
[Site "Sochi"]
[Round "4.22"]
[Annotator "TA"]
[Result "1/2-1/2"]
[Date "2021.05.04"]
[WhiteElo "2701"]
[BlackElo "2614"]
[PlyCount "44"]

1. d4 {} Nf6 2. c4 e6 3. Nf3 a6 4. Bg5 Be7 5. Nc3 h6 6. Bh4 d5 7. cxd5 exd5 8. e3 0-0 9. Qc2 Be6 10. Bd3 Nbd7 11. 0-0 c5 12. dxc5 {D35: Queen's
Gambit Declined: Exchange Variation.} Nxc5 13. Rad1 Rc8 14. Nd4 {White is
slightly better.} Nfe4 {[#]} 15. Bxe7 $146 ({Predecessor:} 15. Bxe4 Nxe4 16. Bxe7 Qxe7 17. Rd3 Rc7 18. f3 Nf6 19. Qf2 Rfc8 20. Rfd1 b5 21. Nce2 {1/2-1/2 
(41) Heppner,E-Glienke,M Grosskrotzenburg 1978} )Qxe7 16. Nce2 Nf6 17. Qb1 Bg4 18. Bf5 Bxe2 19. Nxe2 Rcd8 20. Nd4 Nce4 {The position is equal.} 21. Qc2 g6 22. Bxe4 dxe4 {Weighted Error Value: White=0.06/Black=0.04} 1/2-1/2

[Event "RUS-chT Premier 2021"]
[White "Rublevsky,Sergei"]
[Black "Fedoseev,Vladimir"]
[WhiteTeam "КПРФ"]
[BlackTeam "Медный всадник"]
[Site "Sochi"]
[Round "4.23"]
[Annotator "TA"]
[Result "0-1"]
[Date "2021.05.04"]
[WhiteElo "2642"]
[BlackElo "2687"]
[PlyCount "80"]

1. e4 {} c5 2. Nc3 d6 3. Nge2 Nf6 4. g3 g6 5. Bg2 Bg7 6. 0-0 Nc6 7. d3 0-0 8. Bg5 h6 {B25: Closed
Sicilian: 3 g3, lines without early Be3.} 9. Be3 Rb8 $5 { A promising
side line.} 10. h3 b5 { The position is equal.} 11. Qd2 Kh7 12. a3 {[#]} a5 $146 ({Predecessor:} 12... Bd7 13. f4 Ne8 14. f5 Nc7 15. g4 a5 16. Rae1 b4 17. axb4 axb4 18. Nd5 Nxd5 19. exd5 {1-0 (27) Languidey,
S (2257)-Patroclo,A (2155) Foz do Iguacu 2012} )13. d4 Nd7 14. Rfd1 b4 15. Na4 {} Ba6 (15... cxd4 $15 16. Nxd4 Nxd4 17. Bxd4 Bxd4 18. Qxd4 Qc7 )16. dxc5 $11 Bb5 (16... bxa3 $11 17. Rxa3 Nxc5 )17. axb4 $16 axb4 18. cxd6 exd6 19. Nd4 Nxd4 20. Bxd4 Bxd4 21. Qxd4 Qc7 22. c3 b3 23. Ra3 (23. Qxd6 $6 Qxd6 24. Rxd6 Ra8 $14 )(23. c4 $16 Qxc4 24. Qxc4 Bxc4 25. Rxd6 )Ne5 (23... Ra8 $11 )24. c4 (24. Qxd6 $2 Qxd6 25. Rxd6 Nc4 $19 )Nxc4 (24... Bxc4 $14 25. f4 (25. Qxd6 Qxd6 26. Rxd6 Rfd8 $11 )Be2 )25. Rc1 Qd7 (25... Qa5 $16 26. Raa1 (26. Rxc4 Bxc4 27. Qxc4 Rbc8 $16 )Ne5 )26. Rxc4 $18 Bxc4 27. Qxc4 Rfc8 28. Qd4 Rc1+ 29. Kh2 Qc7 30. Qe3 ({Better is} 30. h4 )Rc2 $16 31. Ra1 (31. Bf1 $16 )Qa5 $11 32. Qf4 {[#]} (32. Qd4 $11 {remains equal.} )Kg7 $1 $17 {Hoping for ...Rb4.} 33. Qxd6 { [#]} (33. Qe3 $17 {
was necessary.} )Rd8 $1 $19 {} 34. Qa3 Rd3 (34... Rdd2 $142 35. Rf1 (35. Qxb3 $2 Rxf2 36. Rg1 Qd2 $19 )Rc4 36. Qxb3 (36. Ra1 $2 Rxf2 37. Nc3 Qxa3 $19 )Rxa4 )35. Qe7 $2 (35. Rf1 {nothing else works.} )Rdd2 36. Nc3 Qxa1 37. Qe5+ Kh7 38. Nd5 {[#]} Rxd5 $1 39. Qxd5 Rxf2 40. Qxb3 Qf1 { Weighted Error Value: White=0.89/Black=0.23} 0-1

[Event "RUS-chT Premier 2021"]
[White "Ponkratov,Pavel"]
[Black "Potkin,Vladimir"]
[WhiteTeam "Медный всадник"]
[BlackTeam "КПРФ"]
[Site "Sochi"]
[Round "4.24"]
[Annotator "RC"]
[Result "1/2-1/2"]
[Date "2021.05.04"]
[WhiteElo "2619"]
[BlackElo "2578"]
[PlyCount "53"]
[TimeControl "60"]

1. d4 {[%emt 0:0:0]} Nf6 {[%emt 0:0:0]} 2. c4 {[%emt 0:0:0]} e6 {[%emt 0:0:0]} 3. Nf3 {[%emt 0:0:0]} d5 {[%emt 0:0:22]} 4. g3 {[%emt 0:0:0]} Bb4+ {[%emt 0:1:24]} 5. Nc3 {[%emt 0:0:51]} 0-0 {[%emt 0:1:52]} 6. Bg2 {[%emt 0:0:0]} dxc4 {[%emt 0:1:4]} 7. 0-0 {[%emt 0:0:5]} Nc6 {[%emt 0:0:53]} 8. Qa4 {[%emt 0:0:5]} Nd5 {[%emt 0:1:13]} 9. Qc2 {[%emt 0:0:9]} Be7 {[%emt 0:0:0]} 10. Rd1 {[%emt 0:0:6]} Rb8 {[%emt 0:0:38]} 11. h4 {[%emt 0:9:9]} b5 {[%emt 0:10:32]} 12. Ng5 {[%emt 0:5:33]} g6 {[%emt 0:2:16]} 13. Nf3 {[%emt 0:11:52]
} Ba6 {[%emt 0:26:3]} 14. Ne4 {[%emt 0:19:40]} Rb6 {[%emt 0:0:0]} 15. Bg5 {[%emt 0:5:56]} Re8 {[%emt 0:4:26]} 16. Nc5 {[%emt 0:4:34]} Qd6 {[%emt 0:1:14]} 17. e3 {[%emt 0:12:25]} Bf8 {[%emt 0:6:3]} 18. h5 {[%emt 0:0:0]} gxh5 {[%emt 0:18:0]} 19. Ne4 {[%emt 0:10:40]} Qb4 {[%emt 0:2:46]} 20. Bf6 {[%emt 0:3:25]} Bg7 {[%emt 0:4:53]} 21. Bxg7 {[%emt 0:0:29]} Kxg7 {[%emt 0:0:2]
} 22. Nc5 {[%emt 0:0:38]} Nf6 {[%emt 0:1:47]} 23. a3 {[%emt 0:0:0]} Qa5 {[%emt 0:0:8]} 24. Nd2 {[%emt 0:0:4]} b4 {[%emt 0:1:43]} 25. axb4 {[%emt 0:5:46]} Qb5 {[%emt 0:0:1]} 26. Qa4 {[%emt 0:1:47]} Nxb4 {[%emt 0:2:36]
} 27. Nxa6 {[%emt 0:2:2]} 1/2-1/2